| 000 | 006130000a22001810004500 | ||
|---|---|---|---|
| 003 | MACL | ||
| 005 | 20160322161929.0 | ||
| 008 | 160322b xxu||||| |||| 00| 0 eng d | ||
| 040 |
_aMACL _cMACL |
||
| 041 | _aHindi | ||
| 082 | _a300 | ||
| 100 |
_aबर्धन ए. बी _948085 |
||
| 245 | _aवर्ग जाति आरक्षण और जातिवाद के खिलाफ संघर्ष | ||
| 260 |
_bराजस्थान पीपुल्स पब्लिशिंग _c1990 _aजयपुर |
||
| 350 | _a60 | ||
| 650 |
_aSociology _948086 |
||
| 942 |
_cHIN _k300 _2ddc |
||
| 999 |
_c20314 _d20314 |
||